Zach Bryan Songs - Statistics

General Stats
  • This quiz has been taken 1,208 times
    518 since last reset
  • The average score is 42 of 107
Answer Stats
Hint Answer % Correct
American Heartbreak Something in the Orange
80%
Zach Bryan I Remember Everything
72%
Elisabeth Revival
70%
Summertime Blues Oklahoma Smokeshow
68%
Boys of Faith Boys of Faith
67%
Single Burn, Burn, Burn
66%
Elisabeth Heading South
64%
Zach Bryan Hey Driver
64%
Single Dawns
63%
DeAnn Sweet DeAnn
63%
Boys of Faith Nine Ball
62%
American Heartbreak Sun to Me
61%
Zach Bryan Tourniquet
60%
Zach Bryan Fear and Fridays
57%
Zach Bryan East Side of Sorrow
56%
DeAnn Snow
56%
Zach Bryan Spotless
56%
DeAnn Condemned
52%
DeAnn God Speed
52%
American Heartbreak Open the Gate
52%
Summertime Blues Summertime Blues
52%
American Heartbreak Heavy Eyes
51%
American Heartbreak From Austin
50%
Zach Bryan Overtime
50%
Boys of Faith Deep Satin
49%
Elisabeth Mine
48%
American Heartbreak Blue
47%
American Heartbreak Oklahoma City
47%
American Heartbreak Highway Boys
46%
American Heartbreak Tishomingo
45%
Quiet, Heavy Dreams Crooked Teeth
44%
American Heartbreak Mine Again
44%
Quiet, Heavy Dreams November Air
44%
American Heartbreak The Good I'll Do
44%
American Heartbreak '68 Fastback
43%
Zach Bryan El Dorado
43%
American Heartbreak Late July
43%
Summertime Blues Motorcycle Drive By
43%
Quiet, Heavy Dreams Quiet, Heavy Dreams
43%
Zach Bryan Ticking
43%
Zach Bryan Holy Roller
42%
Zach Bryan Smaller Acts
42%
Zach Bryan Summertimes Close
42%
Single FIfth of May
41%
Boys of Faith Pain, Sweet, Pain
40%
DeAnn Letting Someone Go
39%
Quiet, Heavy Dreams Birmingham
38%
Summertime Blues Quittin' Time
37%
Elisabeth Washington Lilacs
37%
American Heartbreak Cold Damn Vampires
36%
DeAnn Flying or Crying
36%
Elisabeth Loom
36%
American Heartbreak She's Alright
36%
Zach Bryan Tradesman
36%
Quiet, Heavy Dreams Traveling Man
36%
Deleted Elisabeth
35%
Zach Bryan Fear and Fridays (Poem)
35%
American Heartbreak If She Wants a Cowboy
35%
Elisabeth Leaving
35%
Elisabeth From a Lover's Point of VIew
34%
Zach Bryan Jakes Piano - Long Island
34%
Summertime Blues All the Time
33%
Summertime Blues Jamie
33%
Zach Bryan Oklahoman Son
33%
American Heartbreak Younger Years
33%
American Heartbreak Billy Stay
32%
American Heartbreak Darling
31%
Quiet, Heavy Dreams Let You Down
31%
Single The Greatest Day of My Life
31%
American Heartbreak Whiskey Fever
31%
Summertime Blues Matt and Audie
30%
Single Starved
30%
American Heartbreak You Are My Sunshine
30%
Elisabeth Come as You Are
29%
American Heartbreak Happy Instead
29%
American Heartbreak Ninth Cloud
29%
American Heartbreak Poems and Closing Time
29%
American Heartbreak The Outskirts
29%
DeAnn Don't Give up on Me
28%
Elisabeth Driving
28%
DeAnn Moon in Oklahoma
28%
American Heartbreak This Road I Know
28%
Summertime Blues Us Then
28%
DeAnn Hope Again
27%
American Heartbreak No Cure
27%
DeAnn Shivers Down Spines
27%
Studio A Recordings Hell or Highwater
26%
DeAnn Man Thats Never Known
26%
Elisabeth Messed up Kid
26%
American Heartbreak Morning Time
26%
American Heartbreak Sober Side of Sorry
26%
American Heartbreak Someday (Maggie's)
26%
American Heartbreak High Beams
25%
Elisabeth Old Man
25%
American Heartbreak Right Now the Best
25%
Elisabeth A Boy Like You
24%
Elisabeth Me and Mine
24%
Summertime Blues Twenty So
24%
American Heartbreak Corinthians (Proctor's)
23%
DeAnn Doing Fine
23%
American Heartbreak Half Grown
23%
Elisabeth Hopefully
23%
Elisabeth Cold BLooded
22%
Elisabeth Codeine Pills - Part One
20%
Deleted Anita - Part Two
15%
Deleted Rest, Rose
12%
Boys of Faith Sarahs Places
7%
No matching quizzes found
Score Distribution
Percent of People with Each Score
Percentile by Number Answered
Your Score History
You have not taken this quiz since the last reset